1721 1854 1873 1057 1035 1931 1405 1809 1461 1201 1936 1653 1590 1410 1298 1589 1138 1229 1858 1338 1046 1459 1962 1471 1713 1729 1707 1984 1927 1164 1010 1244 1194 1160 1760 1946 1768 1258 1672 1151 1401 1033 1261 1406 1411 1413 1322 1571 1129 1569 1230 1697 1918 1726 1684 1976 1758 1193 1024 1207 1169 1858 1277 1007 1158 1296 1090 1386 1948 1598 1990 1716 1581 1767 1509 1041 1595 1169 1327 1279 1753 1875 1568 1851 1372 1146 1021 1109 1773 1209 1852 1960 1149 1319 1305 1963 1173 1901 1096 BCNSPRNW ULIB Ver.6.0+V

เปลี่ยนเป็นภาษาไทย

Change to English
 แสดงรายละเอียดบรรณานุกรม
  กลับหน้าหลัก

Brief Record : Get Marc (ISO 2709) : E-mail record : QR code < ปิดหน้าต่าง
LEADER : 00000nam 2200000uu 4500
001    13399114097
003     ULIB
008    120216s2551||||th 000 0 tha d
020    ^a9789740635499
060 04 ^aWY85^bส226น
100 0  ^aสภาการพยาบาล
245 10 ^aแนวทางการส่งเสริมการปฏิบัติการพยาบาลตามจรรยาบรรณวิชาชีพ(ฉบับปรับปรุง) /^cสภาการพยาบาล
250    ^aพิมพ์ครั้งที่ 3 (ฉบับปรับปรุง พฤษภาคม 2551)
260    ^aกรุงเทพฯ :^bจุดทอง,^c2551
300    ^a[8], 175 หน้า ;^c22 ซม.
650  4 ^aจรรยาพยาบาล
650  4 ^aจรรยาบรรณในวิชาชีพ
650  4 ^aการปฏิบัติ^xการพยาบาล
945    ^p100^l0^i18712
945    ^p100^l0^i18713
945    ^p100^l0^i18714
945    ^p100^l0^i18715
945    ^p100^l0^i18716
995    ^aเกษร
999    ^aใช้งานได้ทุกระบบ
รายการนี้ยังไม่มีแท็ก
คุณยังไม่ได้ล็อกอิน คุณสามารถมีกิจกรรมร่วมกับเว็บไซต์ได้ แต่ต้องล็อกอินก่อน ::
  ล็อกอิน

รายการสื่อสารสนเทศ

ลำดับที่ ประเภท เลขเรียก/บาร์โค้ด สถานที่ สถานะ
1. วิทยาศาสตร์การแพทย์ และสุขภาพ
หนังสือสำรอง
สถานะ=หนังสือสำรอง
WY85 ส226น ฉ.1 
  Barcode: 18712
ห้องสมุดวิทยาเขตสวรรค์ประชารักษ์
►ส่วนจัดเก็บหนังสือเก่า สปร
บนชั้น
  ขอยืม
2. วิทยาศาสตร์การแพทย์ และสุขภาพ
วิทยาศาสตร์การแพทย์ และสุขภาพ
WY85 ส226น ฉ.2 
  Barcode: 18713
ห้องสมุดวิทยาเขตสวรรค์ประชารักษ์
►ส่วนจัดเก็บหนังสือเก่า สปร
บนชั้น
  ขอยืม
3. วิทยาศาสตร์การแพทย์ และสุขภาพ
วิทยาศาสตร์การแพทย์ และสุขภาพ
WY85 ส226น ฉ.3 
  Barcode: 18714
ห้องสมุดวิทยาเขตสวรรค์ประชารักษ์
►ส่วนจัดเก็บหนังสือเก่า สปร
บนชั้น
  ขอยืม
4. วิทยาศาสตร์การแพทย์ และสุขภาพ
วิทยาศาสตร์การแพทย์ และสุขภาพ
WY85 ส226น ฉ.4 
  Barcode: 18715
ห้องสมุดวิทยาเขตสวรรค์ประชารักษ์
►ส่วนจัดเก็บหนังสือเก่า สปร
บนชั้น
  ขอยืม
5. วิทยาศาสตร์การแพทย์ และสุขภาพ
วิทยาศาสตร์การแพทย์ และสุขภาพ
WY85 ส226น ฉ.5 
  Barcode: 18716
ห้องสมุดวิทยาเขตสวรรค์ประชารักษ์
►ส่วนจัดเก็บหนังสือเก่า สปร
บนชั้น
  ขอยืม

รายการใกล้เคียง
    ผู้แต่ง [สภาการพยาบาล]

    หัวเรื่อง [จรรยาพยาบาล]
    หัวเรื่อง [จรรยาบรรณในวิชาชีพ]

BibComment


ยังไม่เคยถูกคอมเมนท์

คอมเมนท์ทรัพยากรรายการนี้
  คอมเมนท์: แนวทางการส่งเสริ..


 Copyright 2026. Bcnsprnw @Library